| 000 | 00644nam a2200169 i 4500 | ||
|---|---|---|---|
| 001 | 185666 | ||
| 003 | ES-MaACL | ||
| 005 | 20250822062537.0 | ||
| 008 | 160802s1867 fr |||| | fre d | ||
| 100 | 1 |
_aYriarte, Charles ( _d1833-1898) _9133995 |
|
| 245 | 1 | 0 |
_aGoya : _bla biographie, les fresques, les toiles, les tapiseries, les eaux-fortes et le catalogue de l'ouvre. Avec 50 planches inédites d'aprés les copies de Tabar, Bocourt et Iriarte. |
| 260 |
_aParis : _bHenri Plon, _c1867. |
||
| 300 |
_a156 p., 50 lám. ; _c20 cm. |
||
| 600 | 1 | 4 |
_aGoya, Francisco de, _d1746-1828 _9240353 |
| 852 |
_aES-MaACL _jG-5607 |
||
| 999 |
_c185666 _d185666 |
||